Shed take-up 'subdued' and not a patch on 2010 (Record no. 83364)

MARC details
000 -LEADER
fixed length control field 01018cab a22001935a 4500
001 - CONTROL NUMBER
control field L153768
008 - FIXED-LENGTH DATA ELEMENTS--GENERAL INFORMATION
fixed length control field 110830e20110819xxk 000 0 eng d
035 ## - SYSTEM CONTROL NUMBER
System control number (Sirsi) u153768
041 0# - LANGUAGE CODE
Language code of text/sound track or separate title eng
110 2# - MAIN ENTRY--CORPORATE NAME
Corporate name or jurisdiction name as entry element Property Week
9 (RLIN) 1549
245 00 - TITLE STATEMENT
Title Shed take-up 'subdued' and not a patch on 2010
260 ## - PUBLICATION, DISTRIBUTION, ETC.
Date of publication, distribution, etc. 2011
490 #0 - SERIES STATEMENT
Series statement Property Week
Volume/sequential designation 77(33) 19 August 2011, 30(1)
520 ## - SUMMARY, ETC.
Summary, etc. Take-up of large industrial space (50 000 sq ft and above) has returned from the burst of transactions in H2 2010 to more subdued levels in H1 2011 according to Gerald Eve's latest "Prime Logistics Bulletin". The drivers of activity in 2011 have been natural expansion, consolidation and lease events. Demand rose to 8.5m sq ft in Q2 2011 after falling to 7.1m sq ft in Q1, down from a three-year high of 10m sq ft in Q4 2010. Headline take-up figures for 2011 will be as much as 20% down on 2010.
590 ## - LOCAL NOTE (RLIN)
Local note KA
651 #4 - SUBJECT ADDED ENTRY--GEOGRAPHIC NAME
Geographic name United Kingdom
Chronological subdivision
690 ## - LOCAL SUBJECT ADDED ENTRY--TOPICAL TERM (OCLC, RLIN)
Topical term or geographic name as entry element PROPERTY-COMMERCIAL PROPERTY-COMMERCIAL PROPERTY MARKET
942 ## - ADDED ENTRY ELEMENTS (KOHA)
Suppress in OPAC 0
Holdings
Withdrawn status Lost status Source of classification or shelving scheme Damaged status Not for loan Home library Current library Shelving location Date acquired Total Checkouts Full call number Barcode Date last seen Price effective from Koha item type
    Dewey Decimal Classification     London London Journal article 30/08/2011   L153768 153768-1001 06/08/2019 06/08/2019 Journal